LEADER 01240nam0 22002891i 450 001 RML0316492 005 20231121125754.0 100 $a20121121d2010 ||||0itac50 ba 101 | $aita 102 $ait 181 1$6z01$ai $bxxxe 182 1$6z01$an 200 1 $aCreare valore nella supply chain$emodelli di gestione a confronto$fMaurizio Dallocchio ... [et al.]$gprefazione di Andrea Illy 210 $aMilano $cEGEA $d©2010 215 $aX, 109 p.$d24 cm 300 $ain cop.: Findustria, Centro di studi per la finanza e l'industria dell'Universitą Bocconi, Fondazione Ernesto Illy, Centromarca 606 $aAziende$xProduzione$xGestione$xItalia$2FIR$3RMLC423739$9I 676 $a658.500945$9$v21 702 1$aDALLOCCHIO$b, Maurizio$3RMLV148532 801 3$aIT$bIT-01$c20121121 850 $aIT-FR0098 899 $aBiblioteca Area Giuridico Economica$bFR0098 912 $aRML0316492 950 0$aBiblioteca Area Giuridico Economica$d 53ATENE 20/83$e 53VM 0000870735 VM barcode:BAGE019780. - Inventario:6794. - Fondo:Patrimonio Amm.ne Centrale - CSB AGEVM$fA $h20110318$i20121204 977 $a 53 996 $aCreare valore nella supply chain$91112637 997 $aUNICAS